| 000 | 00398pab a2200145 454500 | ||
|---|---|---|---|
| 008 | 180718b2003 xxu||||| |||| 00| 0 eng d | ||
| 100 | _aAllan, T.R.S. | ||
| 245 | _aDoctrine and theory in administrative law: an elusive quest for the limits of jurisdiction | ||
| 260 | _c2003 | ||
| 300 | _ap.429-54. | ||
| 362 | _aAutumn | ||
| 650 | _aAdministrative law | ||
| 773 | _aPublic Law | ||
| 909 | _a57783 | ||
| 999 |
_c57783 _d57783 |
||